000 00267nam a2200121Ia 4500
008 190216s9999||||xx |||||||||||||| ||und||
100 _aMrithilekhar
245 0 _aHindi-Sahithya Ki Ram Jigtha
260 _bAnirudh
300 _a184
650 _aHindi
942 _cBK
999 _c16394
_d16394